[Event "St Jean op"]
[Site "St Jean sur Richelieu"]
[Date "2004.06.25"]
[Round "1"]
[White "Dupont, Gaetan"]
[Black "Lavoie, Eric"]
[Result "0-1"]
[WhiteElo "994"]
[BlackElo "1293"]
[PlyCount "56"]
[EventDate "2004.06.??"]
[EventType "swiss"]
[EventRounds "5"]
[EventCountry "CAN"]
[SourceTitle "EXT 2006"]
[Source "ChessBase"]
[SourceDate "2005.11.24"]
[SourceVersion "1"]
[SourceVersionDate "2005.11.24"]
[SourceQuality "1"]

1. e4 e6 2. d3 c5 3. Nc3 d5 4. exd5 exd5 5. g3 Nf6 6. Bg2 Be6 7. Nf3 Be7 8. 0-0 0-0 9. Re1 Nc6 10. Bf4 a6 11. Ng5 Bg4 12. Bf3 Bxf3 13. Qxf3 Nd4 14. Qd1 Bd6 15. Nh3 b5 16. Ne2 Nf3+ 17. Kg2 Nxe1+ 18. Qxe1 Re8 19. Qd2 Ra7 20. Bg5 d4 21. Nhf4 Qa8+ 22. f3 Bxf4 23. Nxf4 Nd5 24. Kf2 f6 25. c4 Nxf4 26. Bxf4 Rae7 27. Qa5 Re2+ 28. Kf1 Qxf3+ 0-1